| 000 | 01164nam a22003017a 4500 | ||
|---|---|---|---|
| 001 | 842 | ||
| 005 | 20231116075519.0 | ||
| 020 | _a0688078680 (lib. bdg.) : | ||
| 020 | _a9780545315432 | ||
| 040 |
_aDLC _cDLC _dDLC _beng |
||
| 050 | 0 | 0 |
_aPZ7.S1185 _bWay 1989 |
| 082 | 0 | 0 |
_a813.54 _219 |
| 100 | 1 |
_aSachar, Louis, _d1954- |
|
| 245 | 1 | 0 |
_aWayside School is falling down / _cLouis Sachar ; illustrated by Joel Schick. |
| 250 | _aFirst Scholastic printing, September 2011. | ||
| 260 |
_aNew York : _bScholastic, _c1989. |
||
| 300 |
_a152 pages : _billustrations ; _c18 cm. |
||
| 505 | _aJ | ||
| 520 | _aMore humorous episodes from the classroom on the thirtieth floor of Wayside School, where students learn to tango, face the cafeteria's dreaded Mushroom Surprise, and study a hobo during show and tell. Sequel to "Sideways Stories from Wayside School." | ||
| 521 |
_a440
_bLexile |
||
| 521 |
_aJ
_bRaz-Plus |
||
| 650 | 1 |
_aShow-and-tell presentations _xFiction. |
|
| 650 | 1 |
_aSchools _xFiction. |
|
| 650 | 1 | _aHumorous stories. | |
| 700 | 1 |
_aMccauley, Adam _eillustrator. |
|
| 906 |
_a7 _bcbc _corignew _d1 _eocip _f19 _gy-gencatlg |
||
| 942 |
_2ddc _cBK _n0 |
||
| 999 |
_c842 _d842 |
||